| 000 | 005090000a22001690004500 | ||
|---|---|---|---|
| 090 |
_aAR _b00033 |
||
| 245 | 1 | 0 | _aPlaguicidas y el sistema immunológico: riesgos para la salud pública |
| 650 | 1 | 4 |
_aAgroquímicos _992828 |
| 650 | 1 | 4 |
_aSalud pública _992829 |
| 650 | 1 | 4 |
_aAgricultura _9304 |
| 650 | 1 | 4 |
_aProducción de alimentos _992831 |
| 041 | 0 | _aEspañol | |
| 700 | 1 |
_aBaliga, Sanjay S. _917161 |
|
| 100 | 1 |
_aRepetto, Robert _913331 |
|
| 942 | _cARTICULO | ||
| 773 | 1 |
_tWorld Resources Institute _321 _q1-7 _d1996 |
|
| 999 |
_c9136 _d9136 |
||